Normal view
MARC view
- মনোবিজ্ঞান
Entry Topical Term
001 - CONTROL NUMBER
- control field: 5154
003 - CONTROL NUMBER IDENTIFIER
- control field: OSt
005 - DATE AND TIME OF LATEST TRANSACTION
- control field: 20230109043900.0
008 - FIXED-LENGTH DATA ELEMENTS
- fixed length control field: 230109|| aca||babn | a|a d
040 ## - CATALOGING SOURCE
- Original cataloging agency: OSt
150 ## - HEADING--TOPICAL TERM
- Topical term or geographic name entry element: মনোবিজ্ঞান
